00372nam a2200181Ia 4500003000900000008004100009040001300050040001300063041000800076100001800084245002500102250001200127260001500139260000900154300001100163300001000174490000600184IT-RoPAU120407s9999 xx 000 0 und d aIT-RoPAU cIT-RoPAU aita aItalo Mancini aCon quale comunismo. aVicenza aLa Locusta c1976 a242 p. c18 cm v1